000 00330nam a22001457a 4500
008 210309b ||||| |||| 00| 0 eng d
020 _a9781111398996
041 _aeng
080 _210th
_a330.722.6
082 _210th
_a330.722.6
100 _a61
101 _aKF
245 _aCollege Accounting
_cBille,A.P
942 _2udc
_cBK
999 _c56068
_d56068